00477nam a2200193Ia 450000500170000000800410001704000190005804100120007708200170008910000160010624500440012225000120016626000290017830000170020750400190022465000160024365100140025985000100027320230810105235.0131103s9999 xx 000 0 und d aLoreto College aEnglish a920bSTU-LAN aLang,Andrew 4aThe Mystery of Mary StuartcAndrew Lang a2nd ed. aNew YorkbLongmansc1902 axxiv,450 p.  aIncludes index aStuart,Mary aBiography aLCLIB